Manual de diseño: construcción, montaje y aplicación de envolventes para la vivienda de madera
Պահպանված է:
| Հիմնական հեղինակներ: | , |
|---|---|
| Ձևաչափ: | Գիրք |
| Լեզու: | իսպաներեն |
| Հրապարակվել է: |
Santiago
PUC
2012
|
| Հրատարակություն: | 2a. ed |
| Խորագրեր: | |
| Ցուցիչներ: |
Ավելացրեք ցուցիչ
Չկան պիտակներ, Եղեք առաջինը, ով նշում է այս գրառումը!
|
MARC
| LEADER | 00000cam a2200000 a 4500 | ||
|---|---|---|---|
| 001 | UCF8468 | ||
| 003 | CL-VaPUC | ||
| 008 | 130829e20120000cl |||||||||||||||||spa|d | ||
| 020 | |a 9789561412767 | ||
| 082 | 0 | 4 | |a 694.1 |b FRI |2 21 |
| 100 | 0 | |a Fritz Durán, Alexander |e author |9 570547 | |
| 700 | 0 | |a Ubilla Sanz, Mario |e author |9 570548 | |
| 245 | 1 | 0 | |a Manual de diseño: construcción, montaje y aplicación de envolventes para la vivienda de madera |
| 250 | |a 2a. ed | ||
| 300 | |a 208 p | ||
| 942 | |c BK | ||
| 945 | |d 20130829 16:45:00 |a dcastane | ||
| 260 | |a Santiago |b PUC |c 2012 | ||
| 500 | |a FONDEF D03-1020 muro ventilado | ||
| 500 | |a FONDEF D06-1034 pisos y techos | ||
| 650 | 0 | |a Viviendas |9 255326 | |
| 650 | 0 | |a Madera |9 262357 | |
| 650 | 0 | |a Construcción en madera |9 547968 | |
| 583 | |a last modification |c 20170111 05:42:55 |k Rodrigo Vera | ||
| 999 | |c 353039 |d 353037 | ||
| 952 | |0 0 |1 0 |3 erd |4 0 |6 694_100000000000000_FRI_2012 |7 0 |8 A |9 457891 |a BIBARQ |b BIBARQ |d 2019-11-23 |i 5001331 |l 1 |o 694.1 FRI 2012 |p 5001331 |r 2025-01-20 |s 2023-04-03 |w 2019-11-23 |y BK |z Catalogado en:20130829 |k ARQ | ||
| 952 | |0 0 |1 0 |3 erd |4 0 |6 694_100000000000000_FRI_2012 |7 0 |8 A |9 457892 |a BIBARQ |b BIBARQ |i 5354870 |l 1 |o 694.1 FRI 2012 |p 5354870 |r 2025-03-11 |s 2025-03-11 |w 2019-11-23 |y BK |z Catalogado en:20161201 |k ARQ | ||